Introduction to Pharmacovigilance (Record no. 13803)

MARC details
000 -LEADER
fixed length control field 00444nam a22001817a 4500
003 - CONTROL NUMBER IDENTIFIER
control field OSt
008 - FIXED-LENGTH DATA ELEMENTS--GENERAL INFORMATION
fixed length control field 260122b |||||||| |||| 00| 0 eng d
020 ## - INTERNATIONAL STANDARD BOOK NUMBER
International Standard Book Number 9781119289746
082 ## - DEWEY DECIMAL CLASSIFICATION NUMBER
Classification number 615.068 WAI
100 ## - MAIN ENTRY--PERSONAL NAME
Personal name Waller, Patrick
245 ## - TITLE STATEMENT
Title Introduction to Pharmacovigilance
250 ## - EDITION STATEMENT
Edition statement 2nd
260 ## - PUBLICATION, DISTRIBUTION, ETC. (IMPRINT)
Place of publication, distribution, etc N.Delhi
Name of publisher, distributor, etc Wiley
Date of publication, distribution, etc 2017
300 ## - PHYSICAL DESCRIPTION
Extent xix,170
650 ## - SUBJECT ADDED ENTRY--TOPICAL TERM
Topical term or geographic name as entry element Pharmacovigilance
700 ## - ADDED ENTRY--PERSONAL NAME
Personal name Woolrych, Mira Harrison
942 ## - ADDED ENTRY ELEMENTS (KOHA)
Source of classification or shelving scheme Dewey Decimal Classification
Koha item type Reference Books
Holdings
Withdrawn status Lost status Source of classification or shelving scheme Damaged status Not for loan Collection code Home library Current library Date acquired Source of acquisition Currency Cost, normal purchase price Bill Number Total Checkouts Full call number Acc. no. / Barcode Date last seen Actual Cost, discounted price Bill Date Koha item type
    Dewey Decimal Classification     B.Pharma PIET C-LIBRARY PIET C-LIBRARY 08/01/2026 Zafaa Books Distributres Indian Rup 3754.53 ZBD0374   615.068 WAI BP2933 22/01/2026 2628.17 04/01/2026 Reference Books

Design & Developed by: PIET Central Library
R70 Miles Stone Pattikalyana Samalkha Panipat 132102
mail ID :- [email protected], Phone No:- 0180-2569700 Ex.216